banner koha

Custo anualizado de produção de pinhão manso na região médio-norte do estado de Mato Grosso - MT (Registro n. 218966)

MARC details
000 -LÍDER
campo de controle de tamanho fixo 00985nas a2200325 4500
001 - NÚMERO DE CONTROLE
campo de controle BR2012003231
003 - IDENTIFICADOR DO NÚMERO DE CONTROLE
campo de controle BR-BrBNA
005 - DATA E HORÁRIO DA ÚLTIMA TRANSAÇÃO
campo de controle 20231205120526.0
007 - CAMPO FIXO DE DESCRIÇÃO FÍSICA--INFORMAÇÃO GERAL
campo de controle de tamanho fixo ta
008 - CAMPO DE DADOS FIXOS--INFORMAÇÃO GERAL
campo de controle de tamanho fixo 230509b bl.|||p| |||| 00| 00por d
040 ## - FONTE DA CATALOGAÇÃO
Instituição da catalogação original BR-BrBNA
Idioma da catalogação por
Instituição que transcreveu o registro Biblioteca Nacional de Agricultura
041 ## - CÓDIGO DE IDIOMA
Código do idioma do texto/trilha sonora ou título diferente (Pt)
072 ## - CÓDIGO DE CATEGORIA DE ASSUNTO
Código de Categoria de Assunto E16
100 1# - ENTRADA PRINCIPAL--NOME PESSOAL
Nome pessoal Dalchiavon, F.C.
100 1# - ENTRADA PRINCIPAL--NOME PESSOAL
Nome pessoal Costa, S.M. de A.L.
100 1# - ENTRADA PRINCIPAL--NOME PESSOAL
Nome pessoal Neves, G.
100 1# - ENTRADA PRINCIPAL--NOME PESSOAL
Nome pessoal Carvalho, M. de P. e
100 1# - ENTRADA PRINCIPAL--NOME PESSOAL
Nome pessoal Silva, A.F. da
100 1# - ENTRADA PRINCIPAL--NOME PESSOAL
Nome pessoal Caione, G.
100 1# - ENTRADA PRINCIPAL--NOME PESSOAL
Nome pessoal Coletti, A.J.
245 1# - TÍTULO
Título Custo anualizado de produção de pinhão manso na região médio-norte do estado de Mato Grosso - MT
650 ## - ASSUNTO--TERMO TÓPICO
Cabeçalho tópico ou nome geográfico PINHÃO DE PURGA
650 ## - ASSUNTO--TERMO TÓPICO
Cabeçalho tópico ou nome geográfico AGRICULTURA FAMILIAR
650 ## - ASSUNTO--TERMO TÓPICO
Cabeçalho tópico ou nome geográfico CUSTO DE PRODUÇÃO
650 ## - ASSUNTO--TERMO TÓPICO
Cabeçalho tópico ou nome geográfico LUCRO
650 ## - ASSUNTO--TERMO TÓPICO
Cabeçalho tópico ou nome geográfico ANÁLISE ECONÔMICA
773 0# - ENTRADA ANALÍTICA
Título Cultura Agronômica (Brazil)
ISSN - International Standard Serial Number ISSN 0104-1010
Partes relacionadas (2010), v. 19(3) p. 48-62
Número de controle do registro BR2012003231
909 ## -
-- 202311
-- Lúcia
-- 55
-- Lúcia Elande
942 ## - ELEMENTOS DE ENTRADA ADICIONADOS (KOHA)
Fonte da classificação ou esquema de arquivamento na estante Classificação AGRIS
Ocultar no OPAC Não
Tipo de material Koha Analítica
Exemplares
Situação do descarte Fonte da classificação ou esquema de arquivamento na estante Situação física Não pode ser emprestado Biblioteca de origem Biblioteca atual Localização na estante Enumeração do periódico / cronologia Total de empréstimos Data de último acesso Número do exemplar Tipo de material Koha Fonte de aquisição
  Classificação AGRIS   Consulta local Biblioteca Nacional de Agricultura - Binagri Biblioteca Nacional de Agricultura - Binagri   (2010), v. 19(3) p. 48-62   29/11/2023 01 Periódicos Portaria Interministerial nº 164/94

BINAGRI

Telefone: (61)3218-2567/2388/3357/2097 - binagri@agro.gov.br

Ministério da Agricultura e Pecuária , Esplanada dos Ministérios, Bloco D, Anexo B, Brasília/DF, CEP: 70.043-900